000
00272nam a22001217a 4500
020
_a
9789327250848
082
_a
332.04 KUM
100
_a
Kumar Vishal
245
_a
International finance
260
_a
Ludhiana
_b
Kalyani publishers
_c
2015
300
_a
306p
942
_c
BK
999
_c
3532
_d
3532